00850cam a22002537i 45000010005000000030009000050050017000140080041000310200015000720400036000870420008001230820016001311000021001472450048001682640037002163000041002535000020002945300024003146500025003386500025003636500051003886500051004397760106004908412BD-DhUAP20200301115130.0200301s1996 enkaef 001 0 eng c a1856690830 aIEXbengerdacIEXd 1856690830 apcc 223a725 MYE1 aMyerson, Jeremy.10aNew public architecture /cJeremy Myerson.  1aLondon :bLaurence King,cc1996. a240 pages :billustrations ;c30 cm. aIncludes index. aAlso issued online. 0aPublic architecture. 0aMunicipal buildings. 7aMunicipal buildings.2fast0(OCoLC)fst01029207 7aPublic architecture.2fast0(OCoLC)fst0108205608iOnline version:aMyerson, Jeremy.tNew public architecture.dLondon : L. King, 1996w(OCoLC)605305523